00683nam a22001937a 450000500170000001000150001702000260003203500140005803700130007208200120008510000150009724500630011226000430017527000720021830000290029094200260031999900190034595201250036420180319152201.0 aENG-122337 a9788126922086c895.00 aEN-105869 bDBAD/PUB a954.042 aHaridas, N aThe next India-China war :bnear or never/cby N. Haridas  aNew Delhi bAtlantic Publisherscc2016 a7/22 Ansari Road , DaryaganjbNew Delhie110002k40775252l23285873 av.1 (x,305p.)c23cm.(Hb) 2ddccENh954.042mHAR c150412d150412 001040718NFICaDBADbZLSd2018-03-19eDBAD/PUBg895.00l0o954.042 HARpEN-105869r2018-03-19 00:00:00t1v895.00yEN